| 000 | 00434nam a2200205Ia 4500 | ||
|---|---|---|---|
| 001 | 13295 | ||
| 003 | GE_BSU | ||
| 008 | 181216s||||||||xx |||||||||||||| ||und|| | ||
| 020 | _a9780553409437 | ||
| 040 | _cGE_BSU | ||
| 080 | _a821.111-32 | ||
| 100 | _aScanlan,Patricia. | ||
| 245 | _aCity Girl. | ||
| 260 | _aLondon. | ||
| 260 | _bBantam Books. | ||
| 260 | _c1990 | ||
| 300 | _a476p;18cm. | ||
| 653 | _aCity Girl. | ||
| 942 | _cBK | ||
| 999 |
_c46457 _d46457 |
||